Fejezetek a Benelux országok történetéből

L'auteur récapitule pour le public hongrois quelques problèmes et périodes d'histoire de Belgique et de Hollande. Après toucher la décadence de grande puissance de Hollande au XVIII e siècle et après aborder les questions du mouvement des patriotes belges entre 1789—1792, il fait l'a...

Teljes leírás

Elmentve itt :
Bibliográfiai részletek
Szerző: Wittman Tibor
Dokumentumtípus: Cikk
Megjelent: University of Szeged, Magyar Medievisztikai Kutatócsoport Szeged 1971
Sorozat:Acta Universitatis Szegediensis : acta historica 34
Kulcsszavak:Hollandia története - 18-20. sz., Belgium története - 18-20. sz., Luxemburg története - 18-20. sz., Benelux államok
Tárgyszavak:
Online Access:http://acta.bibl.u-szeged.hu/4152
LEADER 01567nab a2200229 i 4500
001 acta4152
005 20260206121923.0
008 161015s1971 hu o 000 hun d
022 |a 0324-6965 
040 |a SZTE Egyetemi Kiadványok Repozitórium  |b hun 
041 |a hun 
041 |a fre 
100 1 |a Wittman Tibor 
245 1 0 |a Fejezetek a Benelux országok történetéből  |h [elektronikus dokumentum] /  |c  Wittman Tibor 
260 |a University of Szeged, Magyar Medievisztikai Kutatócsoport  |b Szeged  |c 1971 
300 |a 1-55 
490 0 |a Acta Universitatis Szegediensis : acta historica  |v 34 
520 3 |a L'auteur récapitule pour le public hongrois quelques problèmes et périodes d'histoire de Belgique et de Hollande. Après toucher la décadence de grande puissance de Hollande au XVIII e siècle et après aborder les questions du mouvement des patriotes belges entre 1789—1792, il fait l'analyse historique de ces pays entre les deux guerres mondiales, surtout met en lumière l'échec de la politique de neutralité. La croissance économique et les relations politiques des deux pays font le sujet des chapitres qui suivent et pour terminer le recueil d'études s'éxaminent quelques problèmes économiques de la coopération du Bénélux. 
650 4 |a Bölcsészettudományok 
650 4 |a Történettudomány és régészet 
695 |a Hollandia története - 18-20. sz., Belgium története - 18-20. sz., Luxemburg története - 18-20. sz., Benelux államok 
856 4 0 |u http://acta.bibl.u-szeged.hu/4152/1/historica_034_001-055.pdf  |z Dokumentum-elérés